NHL Art Ross Trophy Winners - Statistics

General Stats
  • This quiz has been taken 281 times
    126 since last reset
  • The average score is 67 of 106
Answer Stats
Season Answer % Correct
2016-17 | 2017-18 | 2020-21 | +2 others Connor McDavid
100%
1980-81 | 1981-82 | 1982-83 | +6 others Wayne Gretzky
98%
1993-94 Wayne Gretzky
97%
2007-08 Alexander Ovechkin
94%
1987-88 | 1988-89 | 1991-92 | +3 others Mario Lemieux
94%
2006-07 | 2013-14 Sidney Crosby
94%
2018-19 | 2023-24 Nikita Kucherov
88%
1969-70 | 1974-75 Bobby Orr
83%
2008-09 | 2011-12 Evgeni Malkin
83%
1950-51 | 1951-52 | 1952-53 | +3 others Gordie Howe
83%
1994-95 | 1997-98 | 1998-99 | +2 others Jaromir Jagr
83%
2019-20 Leon Draisaitl
83%
2015-16 Patrick Kane
82%
1959-60 | 1961-62 | 1965-66 Bobby Hull
80%
1975-76 | 1976-77 | 1977-78 Guy Lafleur
80%
2003-04 | 2012-13 Martin St. Louis
75%
2010-11 Daniel Sedin
74%
2009-10 Henrik Sedin
74%
2014-15 Jamie Benn
72%
2005-06 Joe Thornton
71%
1963-64 | 1964-65 | 1966-67 | 1967-68 Stan Mikita
71%
2002-03 Peter Forsberg
69%
1968-69 | 1970-71 | 1971-72 | +2 others Phil Esposito
69%
2001-02 Jarome Iginla
68%
1978-79 Bryan Trottier
63%
1955-56 Jean Béliveau
63%
1979-80 Marcel Dionne
62%
1927-28 | 1930-31 Howie Morenz
52%
1949-50 Ted Lindsay
46%
1954-55 | 1960-61 Bernie Geoffrion
37%
1957-58 | 1958-59 Dickie Moore
34%
1944-45 | 1947-48 Elmer Lach
34%
1933-34 | 1934-35 Charlie Conacher
32%
1942-43 Doug Bentley
32%
1945-46 | 1946-47 Max Bentley
32%
1948-49 Roy Conacher
32%
1939-40 Milt Schmidt
31%
1917-18 | 1919-20 Joe Malone
29%
1918-19 | 1920-21 Newsy Lalonde
29%
1938-39 Toe Blake
26%
1928-29 Ace Bailey
17%
1923-24 Cy Denneny
17%
1922-23 | 1924-25 Babe Dye
15%
1940-41 Bill Cowley
15%
1931-32 Harvey Jackson
15%
1925-26 Nels Stewart
15%
1937-38 Gordie Drillon
11%
1921-22 Punch Broadbent
11%
1926-27 | 1932-33 Bill Cook
6%
1941-42 Bryan hextall
6%
1935-36 | 1936-37 Sweeney Schriner
6%
1929-30 Cooney Weiland
3%
1943-44 Herb Cain
2%
No matching quizzes found
Score Distribution
Percent of People with Each Score
Percentile by Number Answered
Your Score History
You have not taken this quiz since the last reset